| 000 | 00808nmm a2200289 a 4500 | ||
|---|---|---|---|
| 003 | AR-Y00000XR | ||
| 005 | 20251128211859.0 | ||
| 008 | 047020s2003 ||||||||||||||000 | spa|| | ||
| 020 | _a987-9028-41-4 | ||
| 040 | _cAR-Y00000XR | ||
| 245 | 1 | 0 |
_aLa Quebrada _bgeografĂa, historia y ecologĂa de la Quebrada de Humahuaca |
| 260 |
_aBuenos Aires _bEditorial La colmena _c2003 |
||
| 300 | 0 | _a245 p. | |
| 650 | 4 | _aGEOGRAFIA REGIONAL | |
| 650 | 4 | _aHISTORIA ARGENTINA | |
| 650 | 4 | _aGEOGRAFIA FISICA | |
| 650 | 4 | _aMEDIO AMBIENTE | |
| 650 | 4 | _aECOLOGIA | |
| 650 | 4 | _aPOBLACION | |
| 650 | 4 | _aESTUDIOS SOBRE LA COMUNIDAD | |
| 651 | 4 | _aQuebrada de Humahuaca | |
| 651 | 4 | _aJujuy | |
| 653 | 0 | _aGEOGRAFIA ARGENTINA | |
| 700 | 1 |
_aReboratti, Carlos _ecoordinador |
|
| 942 | _cBK | ||
| 998 | _cme-solo cat | ||
| 999 |
_c21452 _d21452 |
||